000 00781cam a2200229 a 4500
001 2157116
005 20180306091031.0
008 990218s2000 nyua b 001 0 eng
010 _a 99021729
020 _a0321023978
040 _aDLC
_cDLC
_dDLC
041 _aeng
080 _a808.0427 LAU
082 0 0 _a808.0427 LAU
_221
100 1 _a25
101 _aEDU
245 1 0 _aWriting and reading across the curriculum /
_cLaurence Behrens, Leonard J. Rosen.
504 _aIncludes bibliographical references (p. 872-877) and index.
906 _a7 b cbc
_corignew
_d1
_eocip
_f19
_gy-gencatlg
942 _2ddc
_cBK
999 _c44219
_d44219